000 01011cam a2200217 4500
001 WB3821-11
008 020611n2002 000 0 eng u
035 _a(Sirsi) u118356
245 _aRural housing crisis fears
260 _c2002
490 _aCountryside Focus
_v (20) June/July 2002 1-2(2)
520 _aCountryside Agency's "State of the countryside report 2002" warns of a housing crisis looming in rural England. Using a specially developed mortgage index it shows that in seven out of eight English regions rural homes could be less affordable than in urban areas. Countryside Agency news release http://www.countryside.gov.uk/news/article.asp?NewsItemID=224. "State of the Countryside Report 2002" can be downloaded from http://www.countryside.gov.uk/stateofthecountryside/
590 _aWB
650 _aCOUNTRYSIDE AGENCY
650 _aSTATE OF THE COUNTRYSIDE REPORT
650 _aRURAL HOUSING
650 _aMORTGAGE INDEX
650 _aHOUSING
690 _aHOUSING
942 _n0
999 _c70449
_d70449